000
00307nam a2200133Ia 4500
100
_a
Bain/ E.C./ Paxton/ H.W.
942
_c
BK
654
_a
Alloying
245
_a
Alloying elements in steel
260
_b
American Society for metals
_a
Ohio
_c
1966
082
_a
620.17
300
_a
291
546
_a
ENGLISH
999
_c
22608
_d
22608